Strieborné mince ako forma investovania bakalárska práca

Saved in:
Bibliographic Details
Main Author: Mesežnikovová, Sonja
Corporate Author: Fakulta podnikového manažmentu EU. Katedra podnikových financií
Other Authors: Kmeťko, Miroslav, 1969-
Format: Book
Language:Slovak
Published: Bratislava 2018
Tags: Add Tag
No Tags, Be the first to tag this record!

MARC

LEADER 00000nbm a2200000 4500
001 0247312
005 20180927103418.7
041 0 |a slo 
044 |a SK 
245 1 0 |a Strieborné mince ako forma investovania  |b bakalárska práca  |c Sonja Mesežnikovová ; školiteľ: Miroslav Kmeťko 
264 1 |a Bratislava  |c 2018 
300 |a 37 s. 
100 1 |a Mesežnikovová, Sonja 
700 1 |a Kmeťko, Miroslav, 1969- 
710 2 |a Fakulta podnikového manažmentu EU. Katedra podnikových financií